000 00691nam a2200265Ia 4500
003 OSt
005 20220918215834.0
006 a|||||r|||| 00| 0
007 ta
008 220917b |||||||| |||| 00| 0 eng d
024 _a142,934
037 _cTextual
040 _aARTS
_cARTS
_beng
041 _2eng
_aeng
082 _aY15.2, M0
100 _aDe Souza Alfred Ed
_9135447
245 0 _aWomen in contemporary India and South Asia
250 _a2nd
260 _aNew Delhi
_bManohar
_c1980
300 _a326p.
_ccm.
500 _aBibliography p311-328
650 _aSOCIOLOGY
942 _hY15.2, M0
_cTEXL
_2CC
999 _c265891
_d265891